000 01367nam0a22002891 4500
001 rc\3038095
005 20250806202813.0
035 _a(NLR Aleph) 007217055
090 _a61715
_c61715
100 _a20111004d1945 u y0rusy50 ca
101 0 _arus
102 _aRU
105 _ac z |||||
200 1 _aТворцы новых растений
_e(И. В. Мичурин и Т.Д. Лысенко)
_eСтеногр. лекций, прочит. проф. Н.В. Турбиным в лектории по естеств.-науч. вопросам при Рамен. горкоме ВЛКСМ
_fОтдел пропаганды и агитации Центр. ком. ВЛКСМ
210 _a[Москва]
_cизд-во и ф-ка юнош. книги изд-ва "Мол. гвардия"
_d1945
215 _a46 с., включ. 2 с. обл.
_cпортр.
_d20 см
333 _aНа правах рукописи
600 1 _aМичурин
_bИ.В.
_gИван Владимирович
600 1 _aЛысенко
_bТ. Д.
_gТрофим Денисович
700 1 _aТурбин
_bН.В.
_f1912-
_gНиколай Васильевич
801 0 _aRU
_bNLR
_gpsbo
801 1 _aRU
_bELAR
_2rusmarc
852 _aNLR
_bС
_j30 Г-4/156
942 _cBOOK
945 _aРоссийская национальная библиотека
980 _aNB
980 _aBV